000 00500nam a2200181Ia 4500
005 20250508160559.0
008 008 250505s9999 xx 000 0 eng d
037 _aTextual
040 _aFEDL
_beng
_cFEDL
041 _aeng
_2eng
084 _a808.52, HOR
_qFEDL
100 _aHorner A Musgrave
_969819
245 0 _aMovement, voice and speech
260 _aLondon, UK
_bMethuen and Co. Ltd.
_c1970
300 _a142p.
942 _cTEXL
_h808.52, HOR
999 _c1365440
_d1365440